| 000 | 01036nmc a2200361 a 4500 | ||
|---|---|---|---|
| 003 | AR-BaBNM | ||
| 005 | 20251128202716.0 | ||
| 008 | 155020s2004 ||||||||||||||000 | spa|| | ||
| 020 | _a84-95294-57-5 | ||
| 040 | _cAR-BaBNM | ||
| 245 | 1 | 0 | _aLa ausencia de las mujeres en los contenidos escolares |
| 250 | _a1ª ed. | ||
| 260 |
_aMadrid _bMiño y Dávila _c2004 |
||
| 300 | 0 | _a256 p. | |
| 490 | 0 | _aEducación, crítica & debate | |
| 504 | _aBibliografía al final de cada capítulo | ||
| 650 | 4 | _aMUJERES | |
| 650 | 4 | _aDIFERENCIAS ENTRE SEXOS | |
| 650 | 4 | _aDISCRIMINACION SEXUAL | |
| 650 | 4 | _aLIBROS DE TEXTO | |
| 650 | 4 | _aFEMINISMO | |
| 650 | 4 | _aENSEÑANZA DE LA CIENCIA | |
| 650 | 4 | _aCRITICA LITERARIA | |
| 650 | 4 | _aTECNOLOGIA DE LA INFORMACION | |
| 650 | 4 | _aENSENANZA DE LA HISTORIA | |
| 653 | 0 | _aGENERO | |
| 653 | 0 | _aINSTITUCIONES EDUCATIVAS | |
| 653 | 0 | _aCONTENIDOS CURRICULARES | |
| 700 | 1 |
_aRodríguez Martínez, Carmen _ecompilador |
|
| 800 | 1 | _aGentili, Pablo | |
| 942 | _cBK | ||
| 998 | _cme-solo cat | ||
| 999 |
_c204 _d204 |
||